Edícia filozofické odkazy (1973 - 1990): jej charakter, realizácia a význam

Vydanie Antológie diel filozofov edície Filozofické odkazy z ucelených diel dávnejšej i bezprostrednej minulosti i prítomnosti dejín európskej filozofie. Koncepcia a vydavateľské možnosti iniciátora a hlavného redaktora I, Hrušovského. Erudícia a pripravenosť slovenských filozofov a prekladateľov. D...

Full description

Saved in:
Bibliographic Details
Main Author: Zigo, Milan
Format: Book Chapter
Language:Slovak
Subjects:
Tags: Add Tag
No Tags, Be the first to tag this record!

MARC

LEADER 00000naa$a2200000$$$4500
001 0110121
005 20231121102004.0
041 0 |a slo 
044 |a SK 
245 1 0 |a Edícia filozofické odkazy (1973 - 1990): jej charakter, realizácia a význam  |c Milan Zigo 
520 |a Vydanie Antológie diel filozofov edície Filozofické odkazy z ucelených diel dávnejšej i bezprostrednej minulosti i prítomnosti dejín európskej filozofie. Koncepcia a vydavateľské možnosti iniciátora a hlavného redaktora I, Hrušovského. Erudícia a pripravenosť slovenských filozofov a prekladateľov. Dosah projektu ako celku a progresívne vyvíjanie slovenskej filozofie. 
610 2 0 |a filozofia 
610 2 0 |a história 
610 2 0 |a Slovensko 
610 2 0 |a dejiny filozofie 
610 2 0 |a kategórie filozofické 
100 1 |a Zigo, Milan